Darts World Ranking - Statistics

General Stats
  • This quiz has been taken 21 times
  • The average score is 14 of 20
Answer Stats
Country Ranking Answer % Correct
Netherlands 3 Gian Van Veen
100%
England 2 Luke Humphries
100%
England 1 Luke Littler
100%
Netherlands 4 Michael Van Gerwen
100%
Scotland 6 Gary Anderson
88%
Wales 5 Jonny Clayton
88%
England 7 Stephen Bunting
88%
Wales 12 Gerwyn Price
82%
Northern Ireland 9 Josh Rock
82%
Netherlands 10 Danny Noppert
76%
Australia 17 Damon Heta
65%
England 14 Nathan Aspinall
65%
England 8 Ryan Searle
65%
Germany 15 Martin Schindler
59%
England 20 Rob Cross
59%
Belgium 19 Mike De Decker
53%
England 13 Chris Dobey
47%
England 11 James Wade
47%
England 16 Ross Smith
47%
Netherlands 18 Jermaine Wattimena
35%
No matching quizzes found
Score Distribution
Percent of People with Each Score
Percentile by Number Answered
Your Score History
You have not taken this quiz